Handbook of emotional & behavioural difficulties (Record no. 480060)

MARC details
000 -LEADER
fixed length control field 01627cam a2200373 a 4500
001 - CONTROL NUMBER
control field EDZ0000019084
003 - CONTROL NUMBER IDENTIFIER
control field StDuBDS
005 - DATE AND TIME OF LATEST TRANSACTION
control field 20161031105132.0
006 - FIXED-LENGTH DATA ELEMENTS--ADDITIONAL MATERIAL CHARACTERISTICS--GENERAL INFORMATION
fixed length control field m||||||||d||||||||
007 - PHYSICAL DESCRIPTION FIXED FIELD--GENERAL INFORMATION
fixed length control field cr |||||||||||
008 - FIXED-LENGTH DATA ELEMENTS--GENERAL INFORMATION
fixed length control field 110107s2005 enka fo| 001|0|eng d
020 ## - INTERNATIONAL STANDARD BOOK NUMBER
International Standard Book Number 9781848608146 (ebook) :
Terms of availability No price
040 ## - CATALOGING SOURCE
Original cataloging agency StDuBDS
Language of cataloging eng
Transcribing agency StDuBDS
Description conventions pn
049 ## - LOCAL HOLDINGS (OCLC)
Holding library Alfaisal Main Library
050 #0 - LIBRARY OF CONGRESS CALL NUMBER
Classification number LC4801
Item number .H36 2005
082 04 - DEWEY DECIMAL CLASSIFICATION NUMBER
Classification number 371.94
Edition number 23
245 00 - TITLE STATEMENT
Title Handbook of emotional & behavioural difficulties
Medium [electronic resource] /
Statement of responsibility, etc edited by Peter Clough ... [et al.].
246 3# - VARYING FORM OF TITLE
Title proper/short title Emotional & behavioural difficulties
260 ## - PUBLICATION, DISTRIBUTION, ETC. (IMPRINT)
Place of publication, distribution, etc London :
Name of publisher, distributor, etc SAGE,
Date of publication, distribution, etc 2005.
300 ## - PHYSICAL DESCRIPTION
Extent 1 online resource (xv, 446 p.) :
Other physical details ill.
520 8# - SUMMARY, ETC.
Summary, etc To help the reader understand and help those suffering from EBDs this volume has three sections. The first views those with emotional and behavioural difficulties in relation to society in general, the second in terms of individual education systems and the last in terms of what these behaviours mean to sufferers.
521 ## - TARGET AUDIENCE NOTE
Target audience note Specialized.
588 ## -
-- Description based on print version record.
504 ## - BIBLIOGRAPHY, ETC. NOTE
Bibliography, etc Includes bibliographical references and index.
650 #0 - SUBJECT ADDED ENTRY--TOPICAL TERM
Topical term or geographic name as entry element Problem children
General subdivision Education.
650 #0 - SUBJECT ADDED ENTRY--TOPICAL TERM
Topical term or geographic name as entry element Problem children
General subdivision Behavior modification.
650 #0 - SUBJECT ADDED ENTRY--TOPICAL TERM
Topical term or geographic name as entry element Adjustment disorders in children.
655 #7 - INDEX TERM--GENRE/FORM
Genre/form data or focus term Electronic books.
Source of term local
700 1# - ADDED ENTRY--PERSONAL NAME
Personal name Clough, Peter,
Dates associated with a name 1949-
710 2# - ADDED ENTRY--CORPORATE NAME
Corporate name or jurisdiction name as entry element Sage eBooks
776 08 - ADDITIONAL PHYSICAL FORM ENTRY
Display text Print version :
International Standard Book Number 9780761940661
856 40 - ELECTRONIC LOCATION AND ACCESS
Uniform Resource Identifier <a href="http://ezproxy.alfaisal.edu/login?url=http://sk.sagepub.com/reference/hdbk_behaviour">http://ezproxy.alfaisal.edu/login?url=http://sk.sagepub.com/reference/hdbk_behaviour</a>
942 ## - ADDED ENTRY ELEMENTS (KOHA)
Source of classification or shelving scheme Library of Congress Classification
Koha item type eBooks

No items available.

Copyright © 2020 Alfaisal University Library. All Rights Reserved.
Tel: +966 11 2158948 Fax: +966 11 2157910 Email:
librarian@alfaisal.edu